Datum a čas kvízu

15 Celkem bodů Celkový počet nahraných bodů na tomto kvízu bez doplňovacích otázek.
4. Pořadí na kvízu Konečné umístění týmu na tomto kvízu.

Zaznamenané odpovědi

# Otázka Odpověď Body Výsledky
1. Marek Hilšer a Jiří Drahoš ozn... 0
2. Orbánova vláda minulý týden za... 0
3. Jak se jmenuje první osobnost,... 0
4. Softwarový přehrávač MP3 od sp... 0
5. V neděli získaly tyto české te... 0
6. V hlasování na facebooku poraz... 0
7. Hrabalova matka pracovala jako... 0
8. Novela Taneční hodiny pro star... 0
9. Kterým slovem, pro Hrabala typ... 0
10. Celkem kolik osob cestuje dopr... 0